| 000 | 00445nam a22001577a 4500 | ||
|---|---|---|---|
| 020 | _a8178085534 | ||
| 040 | _cNUST | ||
| 082 |
_a005.133 _bPRA |
||
| 100 |
_aPratt, Terrence W _996843 |
||
| 110 |
_aZelkowitz, Marvin V _9125272 |
||
| 245 |
_aProgramming Languages : _bDesign and Implementation |
||
| 250 | _a4th Edition | ||
| 260 |
_aSingapore: _bPearson Education Asia, _c2002. |
||
| 650 |
_aProgramming Languages _958751 |
||
| 942 |
_2ddc _cBK |
||
| 999 |
_c611036 _d611036 |
||